00835nam a2200217 4500001000700000003000900007005001700016007000300033008004100036245014200077260004800219300002600267500013300293700003500426700002800461700002800489700002100517700002100538710003700559852002100596148648ES-MaACL20230906202738.0t|070214s1911 xxu r ||||1| eng d04aThe study of History in secondary schools b: report to the American Historical Association / c[Andrew Cunningham McLaughlin... et al.]. aNew York : bThe Macmillan Company, c1911. a72 p. ; c19 x 12 cm. aAutores del informe: Andrew Cunningham McLaughlin, Charles Homer Haskins, James Harvey Robinson, Charles W Mann, James Sullivan.1 aMcLaughlin, Andrew Cunningham.1 aHaskins, Charles Homer.1 aRobinson, James Harvey.1 aMann, Charles W.1 aSullivan, James.2 aAmerican Historical Association. aES-MaACLjF-8456